000 00858cam a2200253 4500
001 WB3545-03
008 000000n1999 000 0 eng u
035 _a(Sirsi) u102262
245 _aConstructive changes
260 _c1999
490 _aBuilding Design
_v(1418) 12 November 1999, 8(1)
520 _aThe Construction Industry Board has created a website, designed to attract women and ethnic minorities to the construction industry. For further information, contact the CIB on 0171 636 2256 or check their web pages at http://www.ciboard.org.uk
590 _aWB
650 _aCIB
650 _aCONSTRUCTION INDUSTRY BOARD
650 _aWEBSITE
650 _aINTERNET
650 _aWOMEN
650 _aEQUAL OPPORTUNITIES
650 _aETHNIC MINORITIES
650 _aCONSTRUCTION INDUSTRY
690 _aBUILT ENVIRONMENT
942 _n0
999 _c61294
_d61294